| 000 | 00000nam 2200000za 4500 |
| 001 | 9.629309 |
| 003 | CaOODSP |
| 005 | 20221107134222 |
| 007 | cr ||||||||||| |
| 008 | 150406s2015 xxc|||||o f|0| 0 fre d |
| 020 | |a978-0-660-23419-9 |
| 040 | |aCaOODSP|bfre |
| 043 | |an-cn--- |
| 086 | 1 |aFo133-1/422F-PDF |
| 100 | 1 |aPrice, D. T. |
| 245 | 10|aAdapter de l'aménagement forestier durable aux changements climatiques |h[ressource électronique] : |brapport exhaustif sur les scénarios de la vulnérabilité / |cD. T. Price et K. J. Isaac. |
| 260 | |a[Ottawa] : |bRessources naturelles Canada, |c2015. |
| 300 | |axxii, 113 p. : |bfigures, tableaux. |
| 490 | 1 |aRapport d'information. [Collection NOR-X]|vNOR-X-422F |
| 500 | |aL'ISBN (978-0-660-23418-2) et l'ISSN (0831-8247) de l'édition imprimée a été copié dans cette numéro. |
| 500 | |aPublié aussi en anglais sous le titre : Adapting sustainable forest management to climate change: a comprehensive report on scenarios for vulnerability assessment. |
| 504 | |aComprend des références bibliographiques. |
| 546 | |a(Abstract in English) |
| 691 | 07|aChangement climatique|2gcpds |
| 691 | 07|aGestion forestière|2gcpds |
| 700 | 1 |aIsaac, K. J. |
| 710 | 1 |aCanada.|bRessources naturelles Canada. |bService canadien des forêts. |
| 775 | 08|tAdapting sustainable forest management to climate change |w(CaOODSP)9.557328 |
| 830 | #0|aRapport d'information. [Collection NOR-X]|vNOR-X-422F|w(CaOODSP)9.501528 |
| 856 | 40|qPDF|s1.16 Mo|uhttps://publications.gc.ca/collections/collection_2015/rncan-nrcan/Fo133-1-422-fra.pdf |